<?xml version="1.0" encoding="UTF-8"?>
<record
    xmlns:xsi="http://www.w3.org/2001/XMLSchema-instance"
    xsi:schemaLocation="http://www.loc.gov/MARC21/slim http://www.loc.gov/standards/marcxml/schema/MARC21slim.xsd"
    xmlns="http://www.loc.gov/MARC21/slim">

  <leader>01858cam a2200313 a 4500</leader>
  <controlfield tag="001">12978843</controlfield>
  <controlfield tag="005">20210414113848.0</controlfield>
  <controlfield tag="008">021023s2003    coua     b    001 0 eng  </controlfield>
  <datafield tag="010" ind1=" " ind2=" ">
    <subfield code="a">  2002036828</subfield>
  </datafield>
  <datafield tag="020" ind1=" " ind2=" ">
    <subfield code="a">1588261751 (hc : alk paper)</subfield>
  </datafield>
  <datafield tag="040" ind1=" " ind2=" ">
    <subfield code="a">DLC</subfield>
    <subfield code="c">DLC</subfield>
    <subfield code="d">DLC</subfield>
  </datafield>
  <datafield tag="043" ind1=" " ind2=" ">
    <subfield code="a">d------</subfield>
  </datafield>
  <datafield tag="050" ind1="0" ind2="0">
    <subfield code="a">D887.F67 </subfield>
  </datafield>
  <datafield tag="082" ind1="0" ind2="0">
    <subfield code="a">327/.09172/4</subfield>
    <subfield code="2">21</subfield>
  </datafield>
  <datafield tag="245" ind1="0" ind2="4">
    <subfield code="a">The foreign policies of the global south :</subfield>
    <subfield code="b">rethinking conceptual frameworks /</subfield>
    <subfield code="c">edited by Jacqueline Anne Braveboy-Wagner.</subfield>
  </datafield>
  <datafield tag="260" ind1=" " ind2=" ">
    <subfield code="a">Boulder, Colo. :</subfield>
    <subfield code="b">L. Rienner,</subfield>
    <subfield code="c">2003.</subfield>
  </datafield>
  <datafield tag="300" ind1=" " ind2=" ">
    <subfield code="a">vii, 221 p. :</subfield>
    <subfield code="b">ill. ;</subfield>
    <subfield code="c">24 cm.</subfield>
  </datafield>
  <datafield tag="504" ind1=" " ind2=" ">
    <subfield code="a">Includes bibliographical references and index.</subfield>
  </datafield>
  <datafield tag="505" ind1=" " ind2=" ">
    <subfield code="a">Contents: The Foreign policies of the global south: An introduction -- Assessing current conceptual and emperical approaches -- Postcoloniality in global South foreign policy: A Perspective -- Reconceptualizing the global South's perspective -- Foreign policy in the Arab world -- The Promise of a state-centered approach -- African foreign policy: Integrating political economy and decision making perspectives -- Latin American foreign policies: Incorporating civil society perspectives -- Latin American foreign policy: Toward a global South framework -- Making room for the smaller states -- Modernization and foreign policy: An Alternative approach to the global South -- Conclusion.</subfield>
  </datafield>
  <datafield tag="650" ind1=" " ind2="0">
    <subfield code="a">Globalization.</subfield>
  </datafield>
  <datafield tag="650" ind1=" " ind2="0">
    <subfield code="a">World politics</subfield>
    <subfield code="y">1989-</subfield>
  </datafield>
  <datafield tag="650" ind1=" " ind2="0">
    <subfield code="a">International relations.</subfield>
  </datafield>
  <datafield tag="651" ind1=" " ind2="0">
    <subfield code="a">Developing countries</subfield>
    <subfield code="x">Foreign relations.</subfield>
  </datafield>
  <datafield tag="651" ind1=" " ind2="0">
    <subfield code="a">Developing countries</subfield>
    <subfield code="x">Foreign economic relations.</subfield>
  </datafield>
  <datafield tag="700" ind1="1" ind2=" ">
    <subfield code="a">Braveboy-Wagner, Jacqueline Anne.</subfield>
  </datafield>
  <datafield tag="906" ind1=" " ind2=" ">
    <subfield code="a">7</subfield>
    <subfield code="b">cbc</subfield>
    <subfield code="c">orignew</subfield>
    <subfield code="d">1</subfield>
    <subfield code="e">ocip</subfield>
    <subfield code="f">20</subfield>
    <subfield code="g">y-gencatlg</subfield>
  </datafield>
  <datafield tag="942" ind1=" " ind2=" ">
    <subfield code="2">lcc</subfield>
    <subfield code="c">BK</subfield>
  </datafield>
  <datafield tag="999" ind1=" " ind2=" ">
    <subfield code="c">155</subfield>
    <subfield code="d">7655</subfield>
  </datafield>
  <datafield tag="952" ind1=" " ind2=" ">
    <subfield code="0">0</subfield>
    <subfield code="1">0</subfield>
    <subfield code="2">lcc</subfield>
    <subfield code="4">0</subfield>
    <subfield code="7">0</subfield>
    <subfield code="a">WIUC-1</subfield>
    <subfield code="b">WIUC-1</subfield>
    <subfield code="c">GEN</subfield>
    <subfield code="d">2011-10-10</subfield>
    <subfield code="l">0</subfield>
    <subfield code="o">D887.F67</subfield>
    <subfield code="p">396/11</subfield>
    <subfield code="r">2011-10-10 00:00:00</subfield>
    <subfield code="t">1</subfield>
    <subfield code="w">2011-10-10</subfield>
    <subfield code="y">BK</subfield>
  </datafield>
  <datafield tag="952" ind1=" " ind2=" ">
    <subfield code="0">0</subfield>
    <subfield code="1">0</subfield>
    <subfield code="2">lcc</subfield>
    <subfield code="4">0</subfield>
    <subfield code="7">0</subfield>
    <subfield code="a">WIUC-1</subfield>
    <subfield code="b">WIUC-1</subfield>
    <subfield code="c">GEN</subfield>
    <subfield code="d">2011-10-10</subfield>
    <subfield code="l">0</subfield>
    <subfield code="o">D887.F671</subfield>
    <subfield code="p">397/11</subfield>
    <subfield code="r">2011-10-10 00:00:00</subfield>
    <subfield code="t">2</subfield>
    <subfield code="w">2011-10-10</subfield>
    <subfield code="y">BK</subfield>
  </datafield>
  <datafield tag="952" ind1=" " ind2=" ">
    <subfield code="0">0</subfield>
    <subfield code="1">0</subfield>
    <subfield code="2">lcc</subfield>
    <subfield code="4">0</subfield>
    <subfield code="7">0</subfield>
    <subfield code="a">WIUC-1</subfield>
    <subfield code="b">WIUC-1</subfield>
    <subfield code="c">GEN</subfield>
    <subfield code="d">2011-10-10</subfield>
    <subfield code="l">0</subfield>
    <subfield code="o">D887.F672</subfield>
    <subfield code="p">398/11</subfield>
    <subfield code="r">2011-10-10 00:00:00</subfield>
    <subfield code="t">3</subfield>
    <subfield code="w">2011-10-10</subfield>
    <subfield code="y">BK</subfield>
  </datafield>
  <datafield tag="952" ind1=" " ind2=" ">
    <subfield code="0">0</subfield>
    <subfield code="1">0</subfield>
    <subfield code="2">lcc</subfield>
    <subfield code="4">0</subfield>
    <subfield code="7">0</subfield>
    <subfield code="a">WIUC-1</subfield>
    <subfield code="b">WIUC-1</subfield>
    <subfield code="c">GEN</subfield>
    <subfield code="d">2011-10-10</subfield>
    <subfield code="l">0</subfield>
    <subfield code="o">D887.F673</subfield>
    <subfield code="p">399/11</subfield>
    <subfield code="r">2011-10-10 00:00:00</subfield>
    <subfield code="t">4</subfield>
    <subfield code="w">2011-10-10</subfield>
    <subfield code="y">BK</subfield>
  </datafield>
  <datafield tag="952" ind1=" " ind2=" ">
    <subfield code="0">0</subfield>
    <subfield code="1">0</subfield>
    <subfield code="2">lcc</subfield>
    <subfield code="4">0</subfield>
    <subfield code="7">0</subfield>
    <subfield code="a">WIUC-1</subfield>
    <subfield code="b">WIUC-1</subfield>
    <subfield code="c">GEN</subfield>
    <subfield code="d">2011-10-10</subfield>
    <subfield code="l">0</subfield>
    <subfield code="o">D887.F674</subfield>
    <subfield code="p">400/11</subfield>
    <subfield code="r">2011-10-10 00:00:00</subfield>
    <subfield code="t">5</subfield>
    <subfield code="w">2011-10-10</subfield>
    <subfield code="y">BK</subfield>
  </datafield>
  <datafield tag="952" ind1=" " ind2=" ">
    <subfield code="0">0</subfield>
    <subfield code="1">0</subfield>
    <subfield code="2">lcc</subfield>
    <subfield code="4">0</subfield>
    <subfield code="7">0</subfield>
    <subfield code="a">WIUC-1</subfield>
    <subfield code="b">WIUC-1</subfield>
    <subfield code="c">GEN</subfield>
    <subfield code="d">2011-10-10</subfield>
    <subfield code="l">0</subfield>
    <subfield code="o">D887.F675</subfield>
    <subfield code="p">401/11</subfield>
    <subfield code="r">2011-10-10 00:00:00</subfield>
    <subfield code="t">6</subfield>
    <subfield code="w">2011-10-10</subfield>
    <subfield code="y">BK</subfield>
  </datafield>
  <datafield tag="952" ind1=" " ind2=" ">
    <subfield code="0">0</subfield>
    <subfield code="1">0</subfield>
    <subfield code="2">lcc</subfield>
    <subfield code="4">0</subfield>
    <subfield code="7">0</subfield>
    <subfield code="a">WIUC-1</subfield>
    <subfield code="b">WIUC-1</subfield>
    <subfield code="c">GEN</subfield>
    <subfield code="d">2011-10-10</subfield>
    <subfield code="l">0</subfield>
    <subfield code="o">D887.F676</subfield>
    <subfield code="p">402/11</subfield>
    <subfield code="r">2011-10-10 00:00:00</subfield>
    <subfield code="t">7</subfield>
    <subfield code="w">2011-10-10</subfield>
    <subfield code="y">BK</subfield>
  </datafield>
  <datafield tag="952" ind1=" " ind2=" ">
    <subfield code="0">0</subfield>
    <subfield code="1">0</subfield>
    <subfield code="2">lcc</subfield>
    <subfield code="4">0</subfield>
    <subfield code="7">0</subfield>
    <subfield code="a">WIUC-1</subfield>
    <subfield code="b">WIUC-1</subfield>
    <subfield code="c">GEN</subfield>
    <subfield code="d">2011-10-10</subfield>
    <subfield code="l">0</subfield>
    <subfield code="o">D887.F677</subfield>
    <subfield code="p">403/11</subfield>
    <subfield code="r">2011-10-10 00:00:00</subfield>
    <subfield code="t">8</subfield>
    <subfield code="w">2011-10-10</subfield>
    <subfield code="y">BK</subfield>
  </datafield>
  <datafield tag="952" ind1=" " ind2=" ">
    <subfield code="0">0</subfield>
    <subfield code="1">0</subfield>
    <subfield code="2">lcc</subfield>
    <subfield code="4">0</subfield>
    <subfield code="7">0</subfield>
    <subfield code="a">WIUC-1</subfield>
    <subfield code="b">WIUC-1</subfield>
    <subfield code="c">GEN</subfield>
    <subfield code="d">2011-10-10</subfield>
    <subfield code="l">0</subfield>
    <subfield code="o">D887.F678</subfield>
    <subfield code="p">404/11</subfield>
    <subfield code="r">2011-10-10 00:00:00</subfield>
    <subfield code="t">9</subfield>
    <subfield code="w">2011-10-10</subfield>
    <subfield code="y">BK</subfield>
  </datafield>
  <datafield tag="952" ind1=" " ind2=" ">
    <subfield code="0">0</subfield>
    <subfield code="1">0</subfield>
    <subfield code="2">lcc</subfield>
    <subfield code="4">0</subfield>
    <subfield code="7">0</subfield>
    <subfield code="a">WIUC-1</subfield>
    <subfield code="b">WIUC-1</subfield>
    <subfield code="c">GEN</subfield>
    <subfield code="d">2011-10-10</subfield>
    <subfield code="l">0</subfield>
    <subfield code="o">D887.F679</subfield>
    <subfield code="p">405/11</subfield>
    <subfield code="r">2011-10-10 00:00:00</subfield>
    <subfield code="t">10</subfield>
    <subfield code="w">2011-10-10</subfield>
    <subfield code="y">BK</subfield>
  </datafield>
</record>
